Oscars des meilleurs effets visuels par image - Statistiques

Statistiques générales
  • Ce quiz a été pris 51 fois
  • Le résultat moyen est 31 sur 54
Statistiques - réponses
Par images Hint Réponse % Correct
1998 Titanic
91%
2022 Dune
89%
2005 Spider-Man 2
89%
2010 Avatar
87%
2000 Matrix
85%
1980 Alien, le huitième passager
83%
2004 Le Seigneur des Anneaux : Le Retour du roi
83%
2001 Gladiator
79%
2006 King Kong
79%
1981 Star Wars, épisode V : L'Empire contre-attaque
79%
1979 Superman
79%
1983 E.T. l'extra-terrestre
77%
2017 Le Livre de la Jungle
77%
2007 Pirates des Caraïbes : Le Secret du coffre maudit
77%
1984 Star Wars, épisode VI : Le Retour du Jedi
77%
2011 Inception
74%
1965 Mary Poppins
74%
1992 Terminator 2 : Le Jugement dernier
74%
2015 Interstellar
70%
1994 Jurassic Park
70%
2002 Le Seigneur des Anneaux : La Communauté de l'anneau
70%
2003 Le Seigneur des Anneaux : Les Deux Tours
70%
1978 Star Wars, épisode IV : Un nouvel espoir
70%
1989 Qui veut la peau de Roger Rabbit
68%
2020 1917
66%
2023 Avatar : La Voie de l'eau
66%
2013 L'Odyssée de Pi
66%
1960 Ben-Hur
64%
1995 Forrest Gump
60%
2014 Gravity
60%
2009 L'Étrange Histoire de Benjamin Button
57%
1964 Cléopâtre
55%
1969 2001, l'Odyssée de l'espace
53%
1982 Les Aventuriers de l'arche perdue
53%
2012 Hugo Cabret
51%
1996 Babe, le cochon devenu berger
47%
2021 Tenet
47%
2018 Blade Runner 2049
45%
1957 Les Dix Commandements
43%
2025 Dune, 2ème partie
38%
1997 Independence Day
38%
1985 Indiana Jones et le Temple maudit
36%
2016 Ex Machina
34%
2008 À la croisée des mondes : La Boussole d'or
32%
1987 Aliens, le retour
32%
2024 Godzilla Minus One
28%
2019 First Man
26%
1991 Total Recall
26%
1963 Le Jour le plus long
19%
1990 Abyss
17%
1954 La Guerre des Mondes
13%
1961 La Machine à explorer le temps
9%
1993 La mort vous va si bien
9%
1999 Au delà de nos rêves
4%
Aucun quiz correspondant
Distribution des résultats
% des personnes avec chaque résultat
Percentile par nombre de réponses
Votre historique - résultats
Vous n’avez pas pris ce quiz